000 00446nam a2200193Ia 4500
003 OSt
005 20251024093732.0
008 210210b1967 xxu||||| |||| 00| 0 eng d
040 _cAL
041 _aeng
082 _a304.6 VOIP
100 _aVoice of America forum lectures
_9242612
245 _aPopulation of the world
260 _aMadras
_c1967
300 _a274p
690 _aPopulation
_9242613
906 _a030037
942 _2ddc
_cBK
999 _c81234
_d81234